Online
Catalog

Andrés Bello : (Record no. 8011)

MARC details
000 -CABECERA
campo de control de longitud fija 01159cam a2200193 a 4500
001 - NÚMERO DE CONTROL
campo de control 000008240
005 - FECHA Y HORA DE LA ÚLTIMA TRANSACCIÓN
campo de control 20200929161322.0
008 - DATOS DE LONGITUD FIJA--INFORMACIÓN GENERAL
campo de control de longitud fija 831107s1982 ve af i000 e spa
040 ## - FUENTE DE LA CATALOGACIÓN
Centro catalogador/agencia de origen DO-SdBNP
Centro/agencia transcriptor DLC
Centro/agencia modificador DLC
082 ## - NÚMERO DE LA CLASIFICACIÓN DECIMAL DEWEY
Número de clasificación Ve864.2
Número de documento/Ítem B446a
100 1# - ENTRADA PRINCIPAL--NOMBRE DE PERSONA
Nombre de persona Bello, Andrés,
Fechas asociadas al nombre 1781-1865.
9 (RLIN) 22352
245 10 - MENCIÓN DE TÍTULO
Título Andrés Bello :
Resto del título bicentenario de su nacimiento /.
260 ## - PUBLICACIÓN, DISTRIBUCIÓN, ETC.
Lugar de publicación, distribución, etc. Washington :
Nombre del editor, distribuidor, etc. Secretaría General, Organización de los Estados Americanos,
Fecha de publicación, distribución, etc. [1982].
300 ## - DESCRIPCIÓN FÍSICA
Extensión 90 p. :
Otras características físicas il. ;
Dimensiones 27 cm.
500 ## - NOTA GENERAL
Nota general "Esta publicación fue ordenada por el Consejo Interamericano para la Educación, la Ciencia y la Cultura de la Organización de los Estados Americanos"
505 0# - NOTA DE CONTENIDO CON FORMATO
Nota de contenido con formato Noticia biográfica / Rafael Caldera -- Poesía -- Derecho internacional -- Filosofía del entendimiento -- Gramática de la lengua castellana -- Instalación de la Universidad de Chile -- Reflexiones sobre la poesía -- Sobre el Poema del Cid -- Las repúblicas hispanoamericanas -- Correspondencia de Andrés Bello -- Cronología / Oscar Sambrano Urdaneta.
710 2# - PUNTO DE ACCESO ADICIONAL--NOMBRE DE ENTIDAD CORPORATIVA
Nombre de entidad corporativa o nombre de jurisdicción como elemento de entrada Consejo Interamericano para la Educación, la Ciencia y la Cultura
9 (RLIN) 22353
910 ## - DATOS DE OPCIÓN DEL USUARIO (OCLC)
Datos de opción del usuario Catalogación por copia / LC
Holdings
Estado de retiro Estado de pérdida Restricciones de uso No para préstamo Código de colección Localización permanente Ubicación/localización actual Ubicación en estantería Fecha de adquisición Número de inventario Total de préstamos Signatura topográfica completa Código de barras Fecha visto por última vez Precio válido a partir de Tipo de ítem Koha
    Préstamo interno   Monografías: Libros y Folletos General General En catalogación 15.09.2009 LF1   Ve864.2 B446a 8240-10 25.06.2020 25.06.2020 Préstamo interno

Powered by Koha